| 000 | 00888nas a2200289 4500 | ||
|---|---|---|---|
| 001 | BR2012006227 | ||
| 003 | BR-BrBNA | ||
| 005 | 20231205121022.0 | ||
| 007 | ta | ||
| 008 | 230509b bl.|||p| |||| 00| 00por d | ||
| 040 |
_aBR-BrBNA _bpor _cBiblioteca Nacional de Agricultura |
||
| 041 | _a(Pt) | ||
| 072 | _aE16 | ||
| 100 | 1 | _aFachini, C. | |
| 100 | 1 | _aFiretti, R. | |
| 100 | 1 | _aOliveira, E.C. de | |
| 100 | 1 | _aCarvalho Filho, A.A. de | |
| 245 | 1 | _aPerfil da apicultura em Capão Bonito, estado de São Paulo: Aplicação da análise multivariada | |
| 650 | _aMEL | ||
| 650 | _aAPICULTURA | ||
| 650 | _aPRODUÇÃO | ||
| 650 | _aRENTABILIDADE | ||
| 650 | _aECONOMIA DA PRODUÇÃO | ||
| 773 | 0 |
_tRevista de Economia Agrícola (Brazil) _xISSN 1981-4771 _g(Jan-Jun 2010), v. 57(1) p. 49-60 _wBR2012006227 |
|
| 909 |
_a202311 _bLúcia _c55 _dLúcia Elande |
||
| 942 |
_2AGRIS _n0 _cANA |
||
| 999 |
_c221487 _d221487 |
||